000
00265nam a22001217a 4500
003
SGT
082
_a
610.73
_b
S18C
100
_a
CAMPBELL, S.H.
245
_a
SIMULATION SCENARIOS FOR NURSING
260
_a
INDIA
_b
SPRINGER
_c
2018
300
_a
680
942
_2
ddc
_c
BK
999
_c
16457
_d
16457